ARRUPE JESUIT UNIVERSITY

CORONAVIRUS -STOP THE SPREAD - CLEAN,DISINFECT,COVER

A personal record of some incidents in the life of Cecil Rhodes. (Record no. 124072)

MARC details
000 -LEADER
fixed length control field 00649cam a2200205 4500
001 - CONTROL NUMBER
control field 4632906
003 - CONTROL NUMBER IDENTIFIER
control field ARRUPE
005 - DATE AND TIME OF LATEST TRANSACTION
control field 20160128144119.0
008 - FIXED-LENGTH DATA ELEMENTS--GENERAL INFORMATION
fixed length control field 710329r19701925rh ac 000 0beng
010 ## - LIBRARY OF CONGRESS CONTROL NUMBER
LC control number 78271452
040 ## - CATALOGING SOURCE
Original cataloging agency DLC
Transcribing agency DLC
Modifying agency DLC
050 00 - LIBRARY OF CONGRESS CALL NUMBER
Classification number DT776.R4
Item number S8 1970
300 ## - PHYSICAL DESCRIPTION
Other physical details illus., ports.
Dimensions 20 cm.
100 1# - MAIN ENTRY--PERSONAL NAME
Personal name Stent, Vere,
Dates associated with a name 1872-1940.
9 (RLIN) 21904
245 12 - TITLE STATEMENT
Title A personal record of some incidents in the life of Cecil Rhodes.
Statement of responsibility, etc Vere Stent
260 ## - PUBLICATION, DISTRIBUTION, ETC. (IMPRINT)
Place of publication, distribution, etc Bulawayo,
Name of publisher, distributor, etc Maskew Miller, LTD.,
Date of publication, distribution, etc 1924.
300 ## - PHYSICAL DESCRIPTION
Extent xv, 98 p.
600 10 - SUBJECT ADDED ENTRY--PERSONAL NAME
Personal name Rhodes, Cecil,
Dates associated with a name 1853-1902.
9 (RLIN) 21905
906 ## - LOCAL DATA ELEMENT F, LDF (RLIN)
a 7
b cbc
c orignew
d 4
e ncip
f 19
g y-gencatlg
942 ## - ADDED ENTRY ELEMENTS (KOHA)
Source of classification or shelving scheme Library of Congress Classification
Koha item type SPC
Holdings
Withdrawn status Lost status Source of classification or shelving scheme Damaged status Not for loan Collection code Home library Current library Shelving location Date acquired Total Checkouts Full call number Barcode Date last seen Price effective from Koha item type
    Library of Congress Classification     SPECIAL Collection ARRUPE LIBRARY ARRUPE LIBRARY Reference 28/01/2016   SPC DT776.R4 S8 1924 46500006164 28/01/2016 28/01/2016 SPC

 

Arrupe Library. PO Box MP320 Mt Pleasant, Harare, Zimbabwe
263 242 745411|librarian@aju.ac.zw